000 00964nam a2200253Ia 4500
003 OSt
005 20220923220352.0
006 a|||||r|||| 00| 0
007 ta
008 220922b |||||||| |||| 00| 0 hin d
024 _a186,179
037 _cTextual
040 _aARTS
_cARTS
_bhin
041 _2hin
_ahin
082 _aY73(1528):3, L8
100 _aटिम्बा, टायॅ ए0; देवीलाल, अनु.
_9164127
245 0 _aमारवाडी समाज व्यवसाय से उद्योग में
246 _aMāravāḍī samāj vyavasāya se udyog mean
260 _aदिल्ली
_b राधाकृष्ण प्रकाशन
_c1978
300 _a264 पृ.
_ccm.
650 _aभारतीय-लोक साहित्य
942 _hY73(1528):3, L8
_cTEXL
_2CC
999 _c339424
_d339424